10 villes les plus peuplée de chaque département du Centre.. - Statistiques

Statistiques générales
  • Ce quiz a été pris 96 fois
  • Le résultat moyen est 26 sur 60
Statistiques - réponses
Population Arrondissement Réponse % Correct
64 551 Bourges Bourges
95%
25 903 Vierzon Vierzon
95%
116 685 Orléans Orléans
94%
135 780 Tours Tours
94%
38 750 Chartres Chartres
90%
31 044 Dreux Dreux
90%
46 086 Blois Blois
87%
43 471 Châteauroux Châteauroux
87%
11 905 Issoudun Issoudun
87%
9 715 Nogent-le-Rotrou Nogent-le-Rotrou
87%
17 545 Romorantin-Lanthenay Romorantin-Lanthenay
87%
9 437 Saint-Amand-Montrond Saint-Amand-Montrond
87%
16 569 Vendôme Vendôme
87%
14 643 Montargis Montargis
85%
6 389 Le Blanc Le Blanc
84%
13 589 Châteaudun Châteaudun
81%
37 787 Tours Joué-lès-Tours
77%
4 109 La Châtre La Châtre
77%
15 838 Tours Saint-Pierre-des-Corps
63%
21 951 Orléans Olivet
56%
12 610 Loches Amboise
52%
20 333 Orléans Fleury-les-Aubrais
47%
11 578 Tours Chambray-lès-Tours
45%
14 012 Montargis Gien
39%
15 960 Tours Saint-Cyr-sur-Loire
37%
9 505 Bourgest Saint-Doulchard
37%
7 301 Châteauroux Déols
35%
16 365 Orléans Saran
35%
15 404 Chartres Lucé
34%
15 025 Tours Saint-Avertin
34%
16 273 Orléans Saint-Jean-de-la-Ruelle
34%
5 166 Romorantin-Lanthenay Salbris
32%
20 121 Orléans Saint-Jean-de-Braye
31%
4 927 Châteauroux Argenton-sur-Creuse
29%
10 449 Tours La Riche
29%
12 506 Dreux Vernouillet
26%
12 977 Montargis Amilly
21%
10 307 Tours Fondettes
21%
11 582 Chartres Mainvilliers
21%
6 562 Vierzon Mehun-sur-Yèvre
21%
6 238 Blois Mer
21%
7 815 Blois Vineuil
19%
4 502 Châteauroux Buzançais
18%
3 614 Châteauroux Saint-Maur
18%
4 567 Romorantin-Lanthenay Selles-sur-Cher
18%
5 488 Vierzon Aubigny-sur-Nère
16%
4 725 Romorantin-Lanthenay Lamotte-Beuvron
16%
6 665 Chartres Luisant
16%
10 666 Tours Montlouis-sur-Loire
16%
12 529 Montargis Châlette-sur-Loing
13%
6 362 Bourges Saint-Florent-sur-Cher
13%
5 851 Châteauroux Le Poinçonnet
11%
5 089 Bourges Saint-Germain-du-Puy
11%
3 860 Châteauroux Ardentes
10%
5 903 Chartres Lèves
10%
3 844 Saint-Amand-Montrond Dun-sur-Auron
8%
3 950 Bourges Trouy
6%
6 866 Romorantin-Lanthenay Le Controis-en-Sologne
5%
5 912 Chartres Auneau-Bleury-Saint-Symphorien
0%
4 503 Blois La Chaussé-Saint-Victor
0%
Aucun quiz correspondant
Distribution des résultats
% des personnes avec chaque résultat
Percentile par nombre de réponses
Votre historique - résultats
Vous n’avez pas pris ce quiz